01728nam a2200385 i 4500001001000000003000900010005001700019007000300036008004100039040003000080041000800110082002000118111009500138245020000233264005600433300002700489336002700516337003300543338002800576490003500604504002600639590002700665700002500692700003300717700004700750700002600797700003300823700003000856710010700886910001400993942001401007952014301021952016101164999001701325000030128DO-SdBNP20250904115725.0ta110429s2007 dr 000 0 spa d aDO-SdBNPbspacBNPHUerda aspa axxxxbF727s2221 aForo presidencial por la excelencia de la educaciónd(2006 nov. :cSanto Domingo)95681413aSituación y perspectivas del estudiante que ingresa por primera vez a la educación superior /cGabriel Read, Raul Parmenio Díaz, Miguel Ciprián, Gloria Madera, Bielka Castro Vargas y otro aSanto Domingo :bSEESCYT,bEditora Manatí,c2007. a55 páginas ;c23 cm. atextobtxt2rdacontent asin mediaciónbn2rdamedia avolumenbnc2rdacarrier1 aMesas de trabajo de la SEESCyT aBibliografías p: 55 aInventariado, 2025/ YL1 aRead, Gabriel9568271 aParmenio Díaz, Raul9568281 aCiprián, Miguel956829ecoordinador4co.1 aMadera, Gloria9568301 aCastro Vargas, Bielka9885801 aRuiz Matuk, Carlos9885811 aRepública Dominicana.bSecretaría de Estado de Educación Superior, Ciencia y Tecnología918778 aYlockward 2ddccLBS1 00102ddc51708PDaBNPHUbBNPHUcHDd2013-04-01eDonado por InteciLF1l0oBNPHU PD xxxx F727sp30128-10r2020-06-25yLBS1ZNo se presta 00102ddc51708PDaBNPHUbBNPHUcHDd2013-10-01eDonado por InteciLF1l0oBNPHU PD xxxx F727sp30128-20r2020-06-25te. 2w2020-06-25yLBS1ZNo se presta c29620d29620